| 000 | 01143nam a2200205Ia 4500 | ||
|---|---|---|---|
| 003 | OSt | ||
| 005 | 20251208094529.0 | ||
| 007 | ca aa aaaaa | ||
| 008 | 201103s9999 xx 000 0 und d | ||
| 040 | _cSSBUL | ||
| 041 | _abur | ||
| 082 |
_a၂၉၄.၃၀၉၂ _bပန်း |
||
| 100 |
_a ပန်းတစ်ပွင့်တောင်သာသနာပြုတောရရိပ်သာကျောင်း _917417 |
||
| 245 | 0 |
_aပန်းတစ်ပွင့်တောင်ဆရာတော်သဒ္ဓမ္မဇောတိကဓဇ၊ ဓမ္မကထိကဗဟုဇနဟိတဓရဘဒ္ဒန္တပညာသာရ / _cပန်းတစ်ပွင့်တောင်သာသနာပြုတောရိပ်သာကျောင်း။ |
|
| 260 |
_aတိုက်ကြီး ၊ _bပန်းတစ်ပွင့်တောင်သာသနာပြုတောရရိပ်သာကျောင်း၊ _c၂၀၀၈။ |
||
| 300 |
_a၆၆ စာမျက်နှာ ၊ _c၂၀ စင်တီ။ |
||
| 500 | _aS-SAT : Dr. Sai Aung Tun | ||
| 942 | _cBK1 | ||
| 942 | _2ddc | ||
| 999 |
_c16851 _d16851 |
||